[Event "Salvador Bahia zt"]
[Site "Salvador"]
[Date "2018.06.02"]
[Round "4"]
[White "Da Costa, Loyson Rodrigues"]
[Black "Oliveira, Antonio Pereira"]
[Result "1-0"]
[WhiteElo "1854"]
[BlackElo "1654"]
[PlyCount "71"]
[EventDate "2018.05.31"]
[EventType "swiss"]
[EventRounds "6"]
[EventCountry "BRA"]
[SourceTitle "EXT 2019"]
[Source "ChessBase"]
[SourceDate "2018.10.10"]
[SourceVersion "1"]
[SourceVersionDate "2018.10.10"]
[SourceQuality "1"]

1. d4 d5 2. c4 e6 3. Nc3 Nf6 4. cxd5 exd5 5. Bg5 Be7 6. Qc2 h6 7. Bh4 g6 8. e3 Bf5 9. Qb3 0-0 10. Bxf6 Bxf6 11. Nxd5 Be4 12. Nxf6+ Qxf6 13. f3 Bf5 14. Bc4 Re8 15. Ne2 Nc6 16. Qc3 Qg5 17. Kf2 Re7 18. h4 Qf6 19. Nf4 Qd6 20. g3 Nb4 21. e4 c5 22. d5 Bd7 23. Rae1 b5 24. e5 Qb6 25. d6 bxc4 26. dxe7 Nxa2 27. Qxc4 Nb4 28. Nd5 Nxd5 29. Qxd5 Bc6 30. Qd2 Kg7 31. Re2 Qb7 32. Qd6 Qd7 33. Qxd7 Bxd7 34. Rd2 Bc6 35. Rd8 f6 36. Rxa8 1-0

[Event "Salvador Bahia zt"]
[Site "Salvador"]
[Date "2018.05.31"]
[Round "2"]
[White "Oliveira, Antonio Pereira"]
[Black "Barreto Junior, Williem Silva"]
[Result "0-1"]
[WhiteElo "1654"]
[BlackElo "2167"]
[PlyCount "113"]
[EventDate "2018.05.31"]
[EventType "swiss"]
[EventRounds "6"]
[EventCountry "BRA"]
[SourceTitle "EXT 2019"]
[Source "ChessBase"]
[SourceDate "2018.10.10"]
[SourceVersion "1"]
[SourceVersionDate "2018.10.10"]
[SourceQuality "1"]

1. b4 d5 2. Bb2 Qd6 3. a3 e5 4. e3 Bf5 5. c4 c6 6. Nf3 Nd7 7. Be2 Ngf6 8. 0-0 Be7 9. c5 Qc7 10. d4 e4 11. Ne5 Nxe5 12. dxe5 Nd7 13. Qd4 0-0 14. f4 exf3 15. Rxf3 Be6 16. Nd2 f6 17. exf6 Bxf6 18. Rxf6 Nxf6 19. Rf1 Qe7 20. Bd3 Rae8 21. Qh4 h6 22. Qg3 Ne4 23. Nxe4 Rxf1+ 24. Kxf1 dxe4 25. Bxe4 Qf7+ 26. Ke1 Bc4 27. Bf5 g6 28. Qxg6+ Qxg6 29. Bxg6 Rxe3+ 30. Kd1 Re2 31. Kc1 Rxg2 32. Bf5 Rxh2 33. Bc8 b5 34. cxb6 axb6 35. a4 Bd5 36. Bb7 Rh5 37. a5 c5 38. a6 Kf7 39. b5 Rg5 40. Bc6 Bxc6 41. bxc6 Ke7 42. Bc3 Kd6 43. Bd2 Rg1+ 44. Kc2 Kxc6 45. Bxh6 Ra1 46. Kc3 Rxa6 47. Kc4 b5+ 48. Kb3 Kd5 49. Bg7 Rg6 50. Bh8 Rg3+ 51. Kc2 Kc4 52. Be5 Rg2+ 53. Kd1 Kb3 54. Kc1 c4 55. Bd4 c3 56. Be3 Rh2 57. Kb1 0-1

[Event "Joao Pessoa Fischer Memorial 9th"]
[Site "Joao Pessoa"]
[Date "2018.03.18"]
[Round "6"]
[White "Da Silva Junior, Antonio Gomes"]
[Black "Oliveira, Antonio Pereira"]
[Result "0-1"]
[WhiteElo "1846"]
[BlackElo "1641"]
[PlyCount "42"]
[EventDate "2018.03.16"]
[EventType "swiss"]
[EventRounds "6"]
[EventCountry "BRA"]
[SourceTitle "CBM 183 Extra"]
[Source "ChessBase"]
[SourceDate "2018.04.19"]
[SourceVersion "1"]
[SourceVersionDate "2018.04.19"]
[SourceQuality "1"]

1. e4 e6 2. Nf3 d5 3. e5 c5 4. c3 Bd7 5. d4 a6 6. Bd3 Nc6 7. 0-0 cxd4 8. cxd4 Nb4 9. Be2 Rc8 10. Na3 Ne7 11. Bd2 Ng6 12. Ng5 Be7 13. Nxf7 Kxf7 14. Bh5 Be8 15. f4 Kg8 16. Qg4 Nh4 17. Qxe6+ Kf8 18. Bxe8 Qxe8 19. Rac1 Rc6 20. Qg4 h5 21. Qh3 Ng6 0-1

[Event "Joao Pessoa Fischer Memorial 9th"]
[Site "Joao Pessoa"]
[Date "2018.03.18"]
[Round "5"]
[White "Oliveira, Antonio Pereira"]
[Black "Da Silva, Raissa Priscila Cri"]
[Result "1-0"]
[WhiteElo "1641"]
[BlackElo "1308"]
[PlyCount "79"]
[EventDate "2018.03.16"]
[EventType "swiss"]
[EventRounds "6"]
[EventCountry "BRA"]
[SourceTitle "CBM 183 Extra"]
[Source "ChessBase"]
[SourceDate "2018.04.19"]
[SourceVersion "1"]
[SourceVersionDate "2018.04.19"]
[SourceQuality "1"]

1. b4 e6 2. Bb2 Nf6 3. a3 g6 4. Nf3 Bg7 5. g3 0-0 6. Bg2 Nc6 7. 0-0 Re8 8. b5 Ne7 9. c4 a6 10. a4 d5 11. Qc2 Bd7 12. Nd4 c5 13. bxc6 bxc6 14. d3 Rb8 15. Nd2 Qb6 16. N4b3 Rec8 17. c5 Qc7 18. Nf3 Rb7 19. Be5 Qd8 20. Rab1 Nf5 21. e4 dxe4 22. dxe4 Ne7 23. Nbd4 Rxb1 24. Rxb1 Ng4 25. Bxg7 Kxg7 26. Ne2 Nf6 27. Qc3 Rb8 28. Rd1 Qc7 29. Ne5 Kg8 30. Nc4 Ne8 31. Nb6 Rd8 32. a5 f5 33. Nf4 h5 34. Qc4 Ng7 35. Rd6 Kf7 36. Nh3 fxe4 37. Ng5+ Kf6 38. Nxe4+ Kf5 39. Bh3+ Ke5 40. Qd4# 1-0

[Event "Joao Pessoa Fischer Memorial 9th"]
[Site "Joao Pessoa"]
[Date "2018.03.16"]
[Round "2"]
[White "De Andrade Sobrinho, Carlos Henrique"]
[Black "Oliveira, Antonio Pereira"]
[Result "0-1"]
[WhiteElo "1631"]
[BlackElo "1641"]
[PlyCount "56"]
[EventDate "2018.03.16"]
[EventType "swiss"]
[EventRounds "6"]
[EventCountry "BRA"]
[SourceTitle "CBM 183 Extra"]
[Source "ChessBase"]
[SourceDate "2018.04.19"]
[SourceVersion "1"]
[SourceVersionDate "2018.04.19"]
[SourceQuality "1"]

1. e4 e6 2. Nc3 d5 3. d3 d4 4. Nce2 c5 5. Nf3 Nc6 6. g3 Bd6 7. Bg2 Nge7 8. 0-0 0-0 9. b3 e5 10. Bb2 Be6 11. c3 Qd7 12. Ng5 h6 13. Nxe6 Qxe6 14. Ba3 f5 15. b4 cxb4 16. cxb4 Bxb4 17. Bxb4 Nxb4 18. Rb1 Nxa2 19. Rxb7 Rfb8 20. Rxb8+ Rxb8 21. Nc1 Rb1 22. Qd2 Nc3 23. Qc2 Qb6 24. Ne2 Rb2 25. Qa4 Nxa4 26. f4 Rxe2 27. fxe5 Qb2 28. Bh3 Rxh2 0-1

[Event "Salvador Bahia-ch"]
[Site "Salvador"]
[Date "2017.12.17"]
[Round "4"]
[White "Pereira Fo, Hildebrando Apolon"]
[Black "Oliveira, Antonio Pereira"]
[Result "0-1"]
[WhiteElo "1627"]
[BlackElo "1612"]
[PlyCount "62"]
[EventDate "2017.12.15"]
[EventType "swiss"]
[EventRounds "5"]
[EventCountry "BRA"]
[SourceTitle "CBM 182 Extra"]
[Source "ChessBase"]
[SourceDate "2018.02.23"]
[SourceVersion "1"]
[SourceVersionDate "2018.02.23"]
[SourceQuality "1"]

1. e4 e6 2. d4 d5 3. e5 c5 4. Bb5+ Bd7 5. Bxd7+ Nxd7 6. c3 Nb6 7. Nf3 cxd4 8. cxd4 Bb4+ 9. Nc3 Rc8 10. Bd2 Ne7 11. Nb5 Bxd2+ 12. Qxd2 Nc4 13. Nd6+ Nxd6 14. exd6 Qxd6 15. 0-0 0-0 16. Ne5 Nc6 17. Nf3 Rc7 18. Qe3 Nb4 19. Qb3 Rfc8 20. a3 Nc2 21. Rad1 Qa6 22. Qa2 Nb4 23. Qb1 Nc6 24. Ng5 g6 25. h4 Qe2 26. Nf3 Ne7 27. Rd2 Qe4 28. Qd1 Nf5 29. g3 Qf4 30. Qb3 Rc1 31. Qxb7 Qxf3 0-1

[Event "Salvador Bahia-ch"]
[Site "Salvador"]
[Date "2017.12.17"]
[Round "5"]
[White "Ribeiro, Daniel Malta"]
[Black "Oliveira, Antonio Pereira"]
[Result "0-1"]
[WhiteElo "1827"]
[BlackElo "1612"]
[PlyCount "148"]
[EventDate "2017.12.15"]
[EventType "swiss"]
[EventRounds "5"]
[EventCountry "BRA"]
[SourceTitle "CBM 182 Extra"]
[Source "ChessBase"]
[SourceDate "2018.02.23"]
[SourceVersion "1"]
[SourceVersionDate "2018.02.23"]
[SourceQuality "1"]

1. e4 e6 2. d4 d5 3. e5 c5 4. c3 Nc6 5. Nf3 Bd7 6. Be3 cxd4 7. cxd4 Bb4+ 8. Nbd2 Nge7 9. Bd3 Qb6 10. a3 Bxd2+ 11. Qxd2 Na5 12. Qb4 Qxb4+ 13. axb4 Nac6 14. Bd2 0-0 15. b5 Nd8 16. 0-0 Ng6 17. Rfc1 f5 18. Rc7 Be8 19. Bb4 Rf7 20. Rac1 Rxc7 21. Rxc7 a5 22. Bc5 a4 23. h4 h6 24. h5 Nf4 25. Bf1 Bxh5 26. Be7 b6 27. Bxd8 Rxd8 28. Rb7 Rc8 29. Rxb6 Rc2 30. Ra6 Rxb2 31. Rxa4 Rb1 32. g3 Bxf3 33. gxf4 Be2 34. Ra8+ Kh7 35. Rb8 Bxf1 36. b6 Ba6+ 37. Kg2 h5 38. Kg3 Rb3+ 39. Kh4 Kh6 40. Rh8+ Kg6 41. Rxh5 Rh3+ 42. Kxh3 Kxh5 43. Kg3 g5 44. fxg5 Kxg5 45. f4+ Kh5 46. Kh3 Kg6 47. Kh4 Kf7 48. Kg5 Ke7 49. Kg6 Kd7 50. Kf6 Bc8 51. Kf7 Kc6 52. Ke7 Kxb6 53. Kd8 Kb7 54. Ke8 Kc7 55. Ke7 Bd7 56. Kf6 Kd8 57. Kf7 Be8+ 58. Kf8 Bd7 59. Kf7 Bc8 60. Kf8 Kd7 61. Kf7 Ba6 62. Kf8 Be2 63. Kf7 Bh5+ 64. Kf6 Bf3 65. Kf7 Kc6 66. Kxe6 Kb5 67. Kxf5 Kc4 68. Kg5 Kxd4 69. e6 Bd1 70. f5 Ke5 71. e7 Ba4 72. Kg6 Be8+ 73. Kg5 d4 74. f6 d3 0-1

[Event "Natal Regiion-ch sf"]
[Site "Natal"]
[Date "2017.11.03"]
[Round "3"]
[White "Oliveira, Antonio Pereira"]
[Black "Santiago, Bruno Majorico Frei"]
[Result "0-1"]
[WhiteElo "1618"]
[BlackElo "2149"]
[PlyCount "44"]
[EventDate "2017.11.02"]
[EventType "swiss"]
[EventRounds "7"]
[EventCountry "BRA"]
[SourceTitle "CBM 181 Extra"]
[Source "ChessBase"]
[SourceDate "2017.12.12"]
[SourceVersion "1"]
[SourceVersionDate "2017.12.12"]
[SourceQuality "1"]

1. b4 e5 2. Bb2 Bxb4 3. Bxe5 Nf6 4. Nc3 Nc6 5. Bxf6 Qxf6 6. Nd5 Qe5 7. Ne3 Bxd2+ 8. Kxd2 Qd4+ 9. Ke1 Qc3+ 10. Qd2 Qxa1+ 11. Nd1 Qxa2 12. e3 0-0 13. Nf3 d6 14. Bd3 Bg4 15. h3 Bxf3 16. gxf3 Qe6 17. Nc3 Ne5 18. Be2 c6 19. f4 Nd7 20. Bg4 f5 21. Ne4 Qxe4 22. f3 Qe6 0-1

[Event "Natal Regiion-ch sf"]
[Site "Natal"]
[Date "2017.11.02"]
[Round "2"]
[White "Guara Neto, Argemiro Braga"]
[Black "Oliveira, Antonio Pereira"]
[Result "0-1"]
[WhiteElo "2056"]
[BlackElo "1618"]
[PlyCount "112"]
[EventDate "2017.11.02"]
[EventType "swiss"]
[EventRounds "7"]
[EventCountry "BRA"]
[SourceTitle "CBM 181 Extra"]
[Source "ChessBase"]
[SourceDate "2017.12.12"]
[SourceVersion "1"]
[SourceVersionDate "2017.12.12"]
[SourceQuality "1"]

1. d4 e6 2. c4 Nf6 3. Nc3 c5 4. Nf3 d5 5. e3 cxd4 6. Nxd4 Bd7 7. cxd5 Nxd5 8. Nxd5 exd5 9. Be2 Bb4+ 10. Bd2 Qa5 11. 0-0 Bxd2 12. Nb3 Ba4 13. Qxd2 Qxd2 14. Nxd2 Nd7 15. Nf3 Rc8 16. Nd4 g6 17. Rac1 Ke7 18. b3 Bc6 19. Rc2 a6 20. Rfc1 Nb8 21. b4 Bd7 22. Bf3 Rxc2 23. Rxc2 Kd6 24. Rd2 Rc8 25. h3 Be6 26. Nb3 Nd7 27. e4 Nb6 28. Nc5 Rc7 29. a4 a5 30. exd5 Bf5 31. g4 axb4 32. gxf5 Rxc5 33. fxg6 hxg6 34. Rb2 Rc4 35. a5 Nxd5 36. Rd2 Rc5 37. Rd4 Rxa5 38. Bxd5 Rxd5 39. Rxb4 b5 40. Kf1 Kc5 41. Rb1 b4 42. Ke2 Rh5 43. Rc1+ Kb5 44. Rc7 f5 45. Rg7 g5 46. Kd2 Kc4 47. Kc2 Rxh3 48. Rxg5 Rf3 49. Rg2 b3+ 50. Kb2 Kb4 51. Rh2 Rc3 52. Kb1 Rc2 53. Rh4+ Ka3 54. Rf4 Re2 55. Kc1 b2+ 56. Kd1 Re4 0-1

[Event "Recife Arraes Memorial 10th"]
[Site "Recife"]
[Date "2017.10.08"]
[Round "5"]
[White "Ferreira, Ivanilson Silva"]
[Black "Oliveira, Antonio Pereira"]
[Result "1-0"]
[WhiteElo "1845"]
[BlackElo "1619"]
[PlyCount "129"]
[EventDate "2017.10.06"]
[EventType "swiss"]
[EventRounds "6"]
[EventCountry "BRA"]
[SourceTitle "CBM 181 Extra"]
[Source "ChessBase"]
[SourceDate "2017.12.12"]
[SourceVersion "1"]
[SourceVersionDate "2017.12.12"]
[SourceQuality "1"]

1. e4 e6 2. d4 d5 3. e5 c5 4. c3 Nc6 5. f4 Qb6 6. Nf3 cxd4 7. cxd4 Bb4+ 8. Nc3 Bd7 9. a3 Bxc3+ 10. bxc3 Rc8 11. Bd3 Na5 12. Rb1 Qc7 13. Bd2 Nc4 14. Bxc4 dxc4 15. 0-0 Bc6 16. Nh4 Be4 17. Qg4 Kf8 18. Rbe1 Nh6 19. Qg5 Bd3 20. Rf3 Qe7 21. Qh5 Bg6 22. Qg5 Qxa3 23. g4 Qe7 24. f5 exf5 25. Qxe7+ Kxe7 26. Bxh6 gxh6 27. Nxf5+ Bxf5 28. Rxf5 Rhg8 29. h3 Rg6 30. Ref1 Rf8 31. d5 Rg5 32. Rb1 b6 33. Kf2 f6 34. e6 h5 35. Ra1 a5 36. Rb1 Rb8 37. Ke3 hxg4 38. Rxg5 fxg5 39. hxg4 Kd6 40. Kd4 b5 41. Rf1 Rb7 42. Rf8 Ra7 43. Rb8 a4 44. Rb6+ Ke7 45. Rxb5 a3 46. Rb1 a2 47. Ra1 Kd6 48. Kxc4 Ra4+ 49. Kb5 Ra8 50. c4 Rb8+ 51. Ka4 Ra8+ 52. Kb3 h5 53. gxh5 g4 54. h6 g3 55. h7 g2 56. Kc3 Rh8 57. Kd4 Rxh7 58. c5+ Kc7 59. d6+ Kc6 60. e7 Rh4+ 61. Ke5 Kd7 62. c6+ Ke8 63. Rxa2 Rh5+ 64. Kf4 Rh4+ 65. Kf3 1-0

[Event "Recife Arraes Memorial 10th"]
[Site "Recife"]
[Date "2017.10.07"]
[Round "4"]
[White "Oliveira, Antonio Pereira"]
[Black "Sales, Luis Carlos"]
[Result "1/2-1/2"]
[WhiteElo "1619"]
[BlackElo "1803"]
[PlyCount "102"]
[EventDate "2017.10.06"]
[EventType "swiss"]
[EventRounds "6"]
[EventCountry "BRA"]
[SourceTitle "CBM 181 Extra"]
[Source "ChessBase"]
[SourceDate "2017.12.12"]
[SourceVersion "1"]
[SourceVersionDate "2017.12.12"]
[SourceQuality "1"]

1. b4 e5 2. Bb2 d6 3. Nf3 Nf6 4. g3 Be7 5. Bg2 0-0 6. d3 c6 7. 0-0 Na6 8. a3 Nc7 9. c4 a5 10. Nbd2 Bd7 11. Qc2 Qc8 12. d4 Bf5 13. e4 Bh3 14. dxe5 dxe5 15. Bxe5 Bxg2 16. Kxg2 axb4 17. axb4 Na6 18. Bxf6 Bxf6 19. e5 Nxb4 20. Rxa8 Qxa8 21. Qb3 Be7 22. Ne4 c5 23. Rd1 Rd8 24. Nc3 Kf8 25. Nd5 Qa5 26. Qc3 Ra8 27. Nxe7 Kxe7 28. Qd2 Qc7 29. Qg5+ Kf8 30. Qf5 g6 31. Qf6 Kg8 32. e6 fxe6 33. Qxe6+ Qf7 34. Qxf7+ Kxf7 35. Rd7+ Kf6 36. Rxb7 Ra2 37. Rb6+ Kf5 38. Rd6 Rc2 39. Nd2 Rc3 40. h3 Nd3 41. g4+ Ke5 42. Rd5+ Ke6 43. Rd6+ Ke7 44. Rc6 Rc2 45. Ne4 Rxc4 46. Ng5 Rf4 47. Re6+ Kd7 48. Re2 h6 49. Nf3 c4 50. Rd2 Kc6 51. Kg3 g5 1/2-1/2

[Event "BRA-ch Amateur U1800"]
[Site "Sao Paulo"]
[Date "2016.05.27"]
[Round "3"]
[White "Ricieri, Antonio Marcos"]
[Black "Oliveira, Antonio Pereira"]
[Result "0-1"]
[WhiteElo "1391"]
[BlackElo "1628"]
[PlyCount "56"]
[EventDate "2016.05.26"]
[EventType "swiss"]
[EventRounds "7"]
[EventCountry "BRA"]
[SourceTitle "EXT 2019"]
[Source "ChessBase"]
[SourceDate "2018.10.10"]
[SourceVersion "1"]
[SourceVersionDate "2018.10.10"]
[SourceQuality "1"]

1. e4 e6 2. d4 d5 3. exd5 Qxd5 4. Nc3 Qa5 5. Nf3 Nf6 6. Bd3 c6 7. 0-0 Be7 8. Bf4 Nbd7 9. Re1 Nd5 10. Nxd5 cxd5 11. c3 Nf6 12. Qd2 Bd7 13. Ne5 Qd8 14. Qe2 a6 15. h3 Qb6 16. Rab1 Rc8 17. Bg5 h6 18. Bxf6 gxf6 19. Ng4 h5 20. Ne3 Qd6 21. Bc2 Bc6 22. Bb3 Kd7 23. f3 Rcg8 24. Nf1 Rg7 25. Qf2 Rhg8 26. Re2 Qf4 27. Rd1 f5 28. Bc2 Bh4 0-1

[Event "Salvador The Best Of Bahia"]
[Site "Salvador"]
[Date "2015.11.26"]
[Round "17"]
[White "Oliveira, Antonio Pereira"]
[Black "Reboucas, Deive Pacheco"]
[Result "0-1"]
[WhiteElo "1701"]
[BlackElo "1964"]
[PlyCount "31"]
[EventDate "2015.10.01"]
[EventType "tourn"]
[EventRounds "18"]
[EventCountry "BRA"]
[SourceTitle "EXT 2022"]
[Source "ChessBase"]
[SourceDate "2021.10.06"]
[SourceVersion "1"]
[SourceVersionDate "2021.10.06"]
[SourceQuality "1"]

1. b4 f5 2. Bb2 Nf6 3. e3 g6 4. Nf3 Bg7 5. c4 0-0 6. Be2 d6 7. 0-0 e5 8. d3 Kh8 9. b5 h6 10. Nbd2 Qe8 11. a4 Be6 12. Rc1 Nbd7 13. Nb3 g5 14. h3 Qg6 15. d4 Ne4 16. Nh2 0-1

[Event "Salvador The Best Of Bahia"]
[Site "Salvador"]
[Date "2015.11.24"]
[Round "16"]
[White "Fiaes, Mario Henrique"]
[Black "Oliveira, Antonio Pereira"]
[Result "1-0"]
[WhiteElo "2131"]
[BlackElo "1701"]
[PlyCount "20"]
[EventDate "2015.10.01"]
[EventType "tourn"]
[EventRounds "18"]
[EventCountry "BRA"]
[SourceTitle "EXT 2022"]
[Source "ChessBase"]
[SourceDate "2021.10.06"]
[SourceVersion "1"]
[SourceVersionDate "2021.10.06"]
[SourceQuality "1"]

1. e4 e6 2. d4 d5 3. Nc3 Bb4 4. e5 c5 5. a3 Bxc3+ 6. bxc3 cxd4 7. cxd4 Ne7 8. Qg4 Nf5 9. Bd3 h5 10. Qf4 g5 1-0

[Event "Salvador The Best Of Bahia"]
[Site "Salvador"]
[Date "2015.10.20"]
[Round "6"]
[White "Reis, Paulo F Jatoba"]
[Black "Oliveira, Antonio Pereira"]
[Result "1-0"]
[WhiteElo "2380"]
[BlackElo "1701"]
[PlyCount "61"]
[EventDate "2015.10.01"]
[EventType "tourn"]
[EventRounds "18"]
[EventCountry "BRA"]
[SourceTitle "EXT 2022"]
[Source "ChessBase"]
[SourceDate "2021.10.06"]
[SourceVersion "1"]
[SourceVersionDate "2021.10.06"]
[SourceQuality "1"]

1. d4 e6 2. c4 d5 3. Nc3 Nf6 4. cxd5 Nxd5 5. e4 Nxc3 6. bxc3 a6 7. Nf3 b5 8. Bd3 c5 9. 0-0 Be7 10. Qe2 c4 11. Bc2 Bb7 12. a4 Nd7 13. Rb1 Qa5 14. Bf4 Nf6 15. Ne5 Qxc3 16. axb5 0-0 17. bxa6 Bxa6 18. Nc6 Ba3 19. Qd1 Bb2 20. Bd2 Qa3 21. Bb4 Qa2 22. Bxf8 Kxf8 23. Nb4 Qa3 24. Nxa6 Rxa6 25. d5 exd5 26. exd5 c3 27. Qf3 Qd6 28. Rbd1 h5 29. Rfe1 Ng4 30. g3 Qc5 31. d6 1-0

[Event "Baianos-ch"]
[Site "Salvador"]
[Date "2015.10.09"]
[Round "1"]
[White "Brasil, Alberto Silveira"]
[Black "Oliveira, Antonio Pereira"]
[Result "1-0"]
[WhiteElo "2020"]
[BlackElo "1701"]
[PlyCount "73"]
[EventDate "2015.10.09"]
[EventType "swiss"]
[EventRounds "7"]
[EventCountry "BRA"]
[SourceTitle "EXT 2022"]
[Source "ChessBase"]
[SourceDate "2021.10.06"]
[SourceVersion "1"]
[SourceVersionDate "2021.10.06"]
[SourceQuality "1"]

1. e4 e6 2. d4 d5 3. Nc3 Nf6 4. e5 Nfd7 5. f4 c5 6. Nf3 Nc6 7. Be3 a6 8. Qd2 b5 9. g3 Qc7 10. Bg2 Bb7 11. 0-0 cxd4 12. Nxd4 Nxd4 13. Bxd4 Bc5 14. Ne2 Rc8 15. c3 0-0 16. Kh1 Bxd4 17. Nxd4 Nc5 18. a3 Rfd8 19. Rad1 Ne4 20. Qe1 Re8 21. g4 Qe7 22. Rd3 f6 23. exf6 Qxf6 24. g5 Qg6 25. Rh3 Rf8 26. Qh4 e5 27. f5 Qxg5 28. Qxh7+ Kf7 29. Ne6 Qf6 30. Nxf8 Rxf8 31. Qg6+ Ke7 32. Qg4 Ng5 33. Re3 e4 34. Rg3 Rf7 35. Qxg5 Qxg5 36. Rxg5 Rf6 37. Rg6 1-0

[Event "Petrolina Brasil de Petrolina op"]
[Site "Petrolina"]
[Date "2015.08.30"]
[Round "5.8"]
[White "Cilento, Lucas Geraldo"]
[Black "Oliveira, Antonio Pereira"]
[Result "1-0"]
[WhiteElo "1886"]
[BlackElo "1701"]
[PlyCount "83"]
[EventDate "2015.08.28"]
[EventType "swiss"]
[EventRounds "5"]
[EventCountry "BRA"]
[SourceTitle "EXT 2022"]
[Source "ChessBase"]
[SourceDate "2021.10.06"]
[SourceVersion "1"]
[SourceVersionDate "2021.10.06"]
[SourceQuality "1"]

1. e4 e6 2. d4 d5 3. Nd2 c5 4. dxc5 Bxc5 5. Nb3 Qb6 6. Nxc5 Qxc5 7. exd5 Nf6 8. Nf3 0-0 9. Bd3 exd5 10. 0-0 Bg4 11. Be3 d4 12. Bxd4 Qh5 13. h3 Bxf3 14. Qxf3 Qxf3 15. gxf3 Nc6 16. Bc3 Rad8 17. a3 Nd4 18. Kg2 Rd5 19. Bxd4 Rxd4 20. Rad1 Rfd8 21. Be2 R8d5 22. Rxd4 Rxd4 23. Rd1 Rxd1 24. Bxd1 Nd5 25. Kg3 g5 26. c4 Nf4 27. c5 Nd3 28. b4 Kg7 29. Bc2 Ne5 30. Be4 Nc4 31. a4 b6 32. c6 Nd6 33. c7 a5 34. bxa5 bxa5 35. Bb7 f5 36. c8Q f4+ 37. Kg2 Nxc8 38. Bxc8 h5 39. h4 Kf6 40. Kh3 Kg6 41. Bb7 Kf6 42. Be4 1-0

[Event "Petrolina Brasil de Petrolina op"]
[Site "Petrolina"]
[Date "2015.08.28"]
[Round "1.3"]
[White "De Macedo, Gilson Rosa"]
[Black "Oliveira, Antonio Pereira"]
[Result "1-0"]
[WhiteElo "2147"]
[BlackElo "1701"]
[PlyCount "55"]
[EventDate "2015.08.28"]
[EventType "swiss"]
[EventRounds "5"]
[EventCountry "BRA"]
[SourceTitle "EXT 2022"]
[Source "ChessBase"]
[SourceDate "2021.10.06"]
[SourceVersion "1"]
[SourceVersionDate "2021.10.06"]
[SourceQuality "1"]

1. e4 e6 2. d4 d5 3. Nc3 Nf6 4. e5 Nfd7 5. f4 c5 6. Nf3 Be7 7. Be3 Nc6 8. Be2 a6 9. 0-0 0-0 10. Qd2 b5 11. Kh1 Bb7 12. Rad1 Qc7 13. g4 Nxd4 14. Nxd4 Nb6 15. Bf3 cxd4 16. Bxd4 Rad8 17. Qe3 b4 18. Ne2 Na4 19. b3 Nc5 20. f5 exf5 21. gxf5 f6 22. exf6 Bd6 23. Rg1 Rfe8 24. Bh5 Rd7 25. Bf7+ Rxf7 26. Qxe8+ Bf8 27. Rxg7+ Rxg7 28. fxg7 1-0

[Event "Salvador FBX BA 2nd"]
[Site "Salvador"]
[Date "2015.06.11"]
[Round "3.2"]
[White "Oliveira, Antonio Pereira"]
[Black "Brasil, Alberto Silveira"]
[Result "0-1"]
[WhiteElo "1794"]
[BlackElo "2004"]
[PlyCount "86"]
[EventDate "2015.06.11"]
[EventType "tourn"]
[EventRounds "10"]
[EventCountry "BRA"]
[SourceTitle "EXT 2022"]
[Source "ChessBase"]
[SourceDate "2021.10.06"]
[SourceVersion "1"]
[SourceVersionDate "2021.10.06"]
[SourceQuality "1"]

1. b4 e5 2. Bb2 Bxb4 3. Bxe5 Nf6 4. Nf3 0-0 5. e3 Nc6 6. Bb2 d5 7. c4 Re8 8. Be2 Bg4 9. cxd5 Nxd5 10. 0-0 Qe7 11. a3 Bd6 12. Nc3 Nxc3 13. Bxc3 Bxa3 14. Qb3 Bb4 15. Ra4 a5 16. Rfa1 b6 17. Bxb4 Nxb4 18. Rc1 Rad8 19. d4 Rd6 20. Raa1 Rh6 21. Qc4 c6 22. Ne5 Bxe2 23. Qxe2 Qd6 24. g3 Rhe6 25. Qf3 f6 26. Nc4 Qd8 27. Rc3 Qd5 28. Qf4 Qb5 29. Nd6 Nd5 30. Nxb5 Nxf4 31. gxf4 cxb5 32. f5 Rd6 33. f3 b4 34. Rb3 Rd5 35. Rc1 Rxf5 36. Kg2 Rb5 37. e4 a4 38. Rd3 b3 39. Rb1 Ra8 40. d5 a3 41. d6 a2 42. Re1 b2 43. d7 Rd8 0-1

[Event "Salvador FBX BA 2nd"]
[Site "Salvador"]
[Date "2015.06.11"]
[Round "10.1"]
[White "Straatmann, Carlos Alberto"]
[Black "Oliveira, Antonio Pereira"]
[Result "1/2-1/2"]
[WhiteElo "1766"]
[BlackElo "1791"]
[PlyCount "102"]
[EventDate "2015.06.11"]
[EventType "tourn"]
[EventRounds "10"]
[EventCountry "BRA"]
[SourceTitle "EXT 2022"]
[Source "ChessBase"]
[SourceDate "2021.10.06"]
[SourceVersion "1"]
[SourceVersionDate "2021.10.06"]
[SourceQuality "1"]

1. e4 d5 2. e5 Bf5 3. d4 e6 4. f4 c5 5. Nf3 Nc6 6. Bb5 Bg4 7. 0-0 a6 8. Bxc6+ bxc6 9. dxc5 Bxc5+ 10. Kh1 Ne7 11. h3 Bxf3 12. Qxf3 Nf5 13. a3 Qh4 14. Kh2 Nd4 15. Qf2 Qxf2 16. Rxf2 Nb3 17. cxb3 Bxf2 18. Nc3 Rb8 19. b4 Ke7 20. Bd2 c5 21. Na4 Rhc8 22. bxc5 Rb5 23. b4 f6 24. Nc3 Bd4 25. Nxb5 Bxa1 26. Bc3 Bxc3 27. Nxc3 a5 28. Nb5 axb4 29. axb4 Rb8 30. exf6+ gxf6 31. Nd4 Kd7 32. b5 e5 33. c6+ Kc8 34. fxe5 fxe5 35. Nf3 e4 36. Nd4 Kc7 37. Kg3 Kd6 38. Kf4 Rf8+ 39. Ke3 Rb8 40. h4 h5 41. Kf4 Kc5 42. Ke3 Rg8 43. Ne6+ Kxb5 44. c7 Rg3+ 45. Kf4 Rc3 46. g4 hxg4 47. Kxg4 e3 48. h5 Rc4+ 49. Kf3 e2 50. Kxe2 Kb6 51. h6 Kb7 1/2-1/2